| 000 | 00331nam a22001457a 4500 | ||
|---|---|---|---|
| 003 | SGT | ||
| 020 | _a9789392787225 | ||
| 082 |
_a615.53 _bRAS |
||
| 100 | _aRASTOGI RAVEEV | ||
| 245 | _aPRAKARTIK CHIKITSA AVAM YOG PURNA SWASTHAY KA MUL AADHAR | ||
| 250 | _a1 | ||
| 260 |
_aNEW DELHI _bSSB _c2022 |
||
| 300 | _a54 | ||
| 942 |
_2ddc _cBK |
||
| 999 |
_c25190 _d25190 |
||